Language Practice - Spanish - Statistics

General Stats
  • This quiz has been taken 50 times
  • The average score is 15 of 20
Answer Stats
English Spanish % Correct
Goodbye Adiós
100%
Friend Amigo
100%
Year Año
100%
Bathroom Baño
100%
Baby Bebé
100%
Coffee Café
100%
House Casa
100%
Food Comida
100%
Day Día
100%
School Escuela
100%
Cat Gato
100%
Hello Hola
100%
Night Noche
100%
Father Padre
100%
Dog Perro
100%
Chicken Pollo
100%
Cheese Queso
100%
To Work Trabajar
100%
Green Verde
100%
Family Familia
93%
Mother Madre
92%
Blue Azul
91%
To Drink Beber
91%
To Sleep Dormir
91%
Milk Leche
91%
Bread Pan
91%
Book Libro
90%
Phone Teléfono
90%
Kitchen Cocina
89%
Brother Hermano
89%
City Ciudad
88%
To Write Escribir
87%
Orange Naranja
87%
Black Negro
87%
White Blanco
86%
Gold Oro
86%
Store Tienda
86%
Sun Sol
85%
Animal Animal
83%
Color Color
83%
Apple Manzana
83%
Boy Niño
83%
Yellow Amarillo
82%
Meat Carne
82%
Lake Lago
82%
Water Agua
80%
Sister Hermana
80%
Brown Marrón
80%
Park Parque
78%
Pink Rosa
78%
To Learn Aprender
75%
Student Estudiante
75%
Gray Gris
75%
Girl Niña
75%
Fish Pescado
75%
Beach Playa
73%
Bed Cama
71%
Table Mesa
71%
Door Puerta
71%
Air Aire
70%
Hand Mano
70%
Restaurant Restaurante
70%
To Read Leer
69%
Juice Jugo
67%
Paper Papel
67%
Carrot Zanahoria
67%
Bridge Puente
64%
Red Rojo
63%
Window Ventana
62%
Pen Bolígrafo
60%
Car Coche
60%
Ball Pelota
60%
Answer Respuesta
60%
Teacher Maestro
57%
Bag Bolsa
50%
Chair Silla
50%
Sweet Dulce
45%
Arm Brazo
43%
Banana Plátano
38%
Backpack Mochila
36%
To Walk Caminar
33%
Lamp Lámpara
27%
Purple Morado
25%
Bird Pájaro
22%
Zoo Zoológico
17%
Room Cuarto
0%
No matching quizzes found
Score Distribution
Percent of People with Each Score
Percentile by Number Answered
Your Score History
You have not taken this quiz